Loading...
| Literature - Poetry | 1 | 4 | 1 | 1 | 50 | 69 | 113.00 | 1 | 3 |
| Philosophy | 1 | 3 | 0 | 0 | 45 | 84 | 93.75 | 3 | 3 |
| Literature - Long Fiction | 2 | 0 | 0 | 0 | 30 | 58 | 66.00 | 2 | 2 |
| Mythology | 1 | 1 | 0 | 0 | 25 | 49 | 97.00 | 0 | 2 |
| Literature - Short Fiction | 0 | 2 | 0 | 1 | 20 | 110 | 126.50 | 0 | 0 |
| Current Events | 1 | 0 | 0 | 0 | 15 | 32 | 32.00 | 1 | 1 |
| Other Academic | 0 | 2 | 1 | 0 | 15 | 74 | 88.00 | 1 | 2 |
| Social Science | 0 | 2 | 2 | 1 | 10 | 74 | 97.50 | 1 | 1 |
| History - European History | 0 | 1 | 0 | 0 | 10 | 75 | 75.00 | 1 | 1 |
| Literature - Misc Literature | 0 | 1 | 0 | 0 | 10 | 88 | 88.00 | 0 | 1 |
| History - World History | 0 | 1 | 0 | 0 | 10 | 103 | 103.00 | 0 | 0 |
| Fine Arts - Painting and Sculpture | 0 | 1 | 0 | 0 | 10 | 132 | 132.00 | 0 | 1 |
| Religion | 0 | 1 | 0 | 0 | 10 | 116 | 116.00 | 0 | 1 |
| Geography | 0 | 0 | 1 | 0 | -5 | 0.00 | 0 | 0 |